000
00322 a2200109 4500
001
ART_11665
005
20260410161859.0
008
260409a
245
1
0
_a
A note "Trying to value a life"
100
1
_a
Williams, Alan
773
0
_t
Journal of public economics
_g
- Vol. 12, NÂș 2 (oct. 1979)
_w
REV11485
999
_c
25716
_d
25716